Kirjaimella A alkavia kaupunkeja kartalla - Statistics

Yleistilastot
  • Tätä visaa on pelattu 1 216 kertaa
  • Keskiarvotulos 18 / 31
Vastaukset kartalla
Vastauksille on annettu kartalla punavihreä väri sen mukaan, kuinka moni on saanut sen oikein.
 
Vastaustilastot
Kaupunki % Oikein
Amsterdam
93%
Ankara
90%
Ateena
87%
Alger
77%
Auckland
74%
Abu Dhabi
72%
Addis Abeba
71%
Amman
71%
Aleksandria
66%
Atlanta
66%
Austin
66%
Accra
64%
Asuncion
64%
Aberdeen
63%
Abuja
58%
Adelaide
58%
Antananarivo
58%
Antwerpen
55%
Anchorage
54%
Antalya
51%
Ašgabat
48%
Aleppo
45%
Alicante
44%
Acapulco
42%
Ahmedabad
40%
Almaty
39%
Agra
36%
Aden
29%
Atlantic City
28%
Angeles
22%
Amritsar
19%
Ehtoja vastaavia visoja ei löytynyt
Tulosjakauma
Jokaisen tuloksen saaneiden osuus
Persentiili vastausten määrän mukaan
Tuloshistoriasi
Et ole pelannut tätä visaa